Подступы к Ленинграду станут могилой фашистов (Запись № 58224)
[ простой вид ]
| 000 -МАРКЕР | |
|---|---|
| контрольное поле | 01693nam0a2200385 4500 |
| 001 - ИДЕНТИФИКАТОР ЗАПИСИ | |
| контрольное поле | RU\NLR\BIBL_A\010586430 |
| 005 - ИДЕНТИФИКАТОР ВЕРСИИ | |
| контрольное поле | 20250809113014.0 |
| 035 ## - ДРУГИЕ СИСТЕМНЫЕ НОМЕРА | |
| Идентификатор записи | (NLR Aleph) 010586430 |
| 100 ## - ДАННЫЕ ОБЩЕЙ ОБРАБОТКИ | |
| Данные общей обработки | 20150116d1941 u y0rusy50 ca |
| 101 0# - ЯЗЫК РЕСУРСА | |
| Язык текста, звукозаписи и т.д. | русский |
| 102 ## - СТРАНА ПУБЛИКАЦИИ ИЛИ ПРОИЗВОДСТВА | |
| Страна публикации | российская федерация |
| 105 ## - ПОЛЕ КОДИРОВАННЫХ ДАННЫХ: ТЕКСТОВЫЕ МАТЕРИАЛЫ, МОНОГРАФИЧЕСКИЕ | |
| Кодированные данные о монографическом текстовом документе | y z 000zy |
| 135 ## - ПОЛЕ КОДИРОВАННЫХ ДАННЫХ: ЭЛЕКТРОННЫЕ РЕСУРСЫ | |
| Кодированные данные для электронного ресурса | crbn 008apadp |
| 200 1# - ЗАГЛАВИЕ И СВЕДЕНИЯ ОБ ОТВЕТСТВЕННОСТИ | |
| Основное заглавие | Подступы к Ленинграду станут могилой фашистов |
| Первые сведения об ответственности | Н. Воронов |
| 210 ## - ПУБЛИКАЦИЯ, РАСПРОСТРАНЕНИЕ И ДР. | |
| Место издания, распространения и т.д. | [Ленинград] |
| Имя издателя, распространителя и т. д. | ОГИЗ Госполитиздат |
| Дата издания, распространения и т.д. | 1941 |
| 215 ## - ФИЗИЧЕСКАЯ ХАРАКТЕРИСТИКА | |
| Специфическое обозначение материала и объем | 21, [3] с. |
| Размеры | 19 |
| 325 ## - ПРИМЕЧАНИЕ О КОПИИ | |
| Текст примечания | Копия доступна в Электрон. б-ке РНБ |
| 607 ## - ГЕОГРАФИЧЕСКОЕ НАИМЕНОВАНИЕ КАК ПРЕДМЕТ | |
| Географическое наименование | Ленинград, город |
| Тематический подзаголовок | Оборона |
| Хронологический подзаголовок | 1941 - 1944 |
| Формальный подзаголовок | Популярные издания |
| Код системы | nlr_sh2 |
| Идентификатор авторитетной/нормативной записи | RU\NLR\AUTH\661253337 |
| 686 1# - ИНДЕКСЫ ДРУГИХ КЛАССИФИКАЦИЙ | |
| Индекс | Ц35(2)722.11(2Р-4Ле-2Ленинград)я9 |
| 686 1# - ИНДЕКСЫ ДРУГИХ КЛАССИФИКАЦИЙ | |
| Индекс | Т3(2)722.721я9 |
| 700 #1 - ИМЯ ЛИЦА - ПЕРВИЧНАЯ ОТВЕТСТВЕННОСТЬ | |
| Начальный элемент ввода | Воронов |
| Часть имени, кроме начального элемента ввода | Н. И. |
| Дополнения к именам, кроме дат | очеркист |
| Расширение инициалов личного имени | Николай Иванович |
| Идентификатор авторитетной/нормативной записи | RU\NLR\AUTH\770140360 |
| 852 ## - МЕСТОНАХОЖДЕНИЕ И ШИФР ХРАНЕНИЯ | |
| Идентификатор организации | NLR |
| Шифр хранения (Call Number) | Ир50 Г-4/34 |
| 856 #0 - МЕСТОНАХОЖДЕНИЕ ЭЛЕКТРОННЫХ РЕСУРОВ И ДОСТУП К НИМ | |
| Универсальный идентификатор ресурса (Uniform Resource Identifier) | http://vivaldi.nlr.ru/ab000002425/view |
| 856 #1 - МЕСТОНАХОЖДЕНИЕ ЭЛЕКТРОННЫХ РЕСУРОВ И ДОСТУП К НИМ | |
| Универсальный идентификатор ресурса (Uniform Resource Identifier) | http://vivaldi.nlr.ru/ab000002425/cover |
| 856 #2 - МЕСТОНАХОЖДЕНИЕ ЭЛЕКТРОННЫХ РЕСУРОВ И ДОСТУП К НИМ | |
| Универсальный идентификатор ресурса (Uniform Resource Identifier) | http://vivaldi.nlr.ru/ab000002425/text |
| 901 ## - ДАННЫЕ ОБ ОБЪЕКТЕ ОЦИФРОВКИ | |
| -- | Книжные издания |
| 942 ## - ДОПОЛНИТЕЛЬНЫЕ ЭЛЕМЕНТЫ ЗАПИСИ (АБИС) | |
| Тип экземпляра АБИС | Книга |
| 945 ## - Информацию об издании предоставили: | |
| Полное название организации, предоставившей материал | Российская национальная библиотека |
| 980 ## - КОЛЛЕКЦИЯ | |
| Название коллекции | Национальная библиография |
| 980 ## - КОЛЛЕКЦИЯ | |
| Название коллекции | Библиография Победы |
| 981 37 - КОЛЛЕКЦИЯ ЭЛЕКТРОННОЙ БИБЛИОТЕКИ | |
| Название коллекции | Ленинград в Великой Отечественной войне |
| Название подколлекции | Книги блокадного Ленинграда |
| 981 34 - КОЛЛЕКЦИЯ ЭЛЕКТРОННОЙ БИБЛИОТЕКИ | |
| Название коллекции | Санкт-Петербург |
Нет доступных экземпляров.





